| 000 | 00602nam a22001457a 4500 | ||
|---|---|---|---|
| 020 | _a978-0-143-41880-1 | ||
| 082 |
_a823 _bSIN/L |
||
| 100 | _aSINGH,RAVINDER | ||
| 245 | _aLIKE IT HAPPENED YESTERDAY | ||
| 260 |
_aLONDON _bPENGUIN BOOKS |
||
| 300 | _a196 | ||
| 520 | _a'Like It Happened Yesterday' is about a childhood gone bye. By way of a fictional journey, the author recaptures stories about school, hounding examinations, essential vaccinations and other mores that are part of anyone's childhood spent in smaller cities and towns of the country. | ||
| 650 |
_aENGLISH NOVEL _zLONDON |
||
| 942 | _cBK | ||
| 999 |
_c3369 _d3369 |
||